I Will Wait by Mumford & Sons - Lyrics Quiz - Statistics

General Stats
  • This quiz has been taken 93 times
    74 since last reset
  • The average score is 153 of 209
Answer Stats
Answer % Correct
for
100%
i
100%
wait
100%
wait,
100%
will
100%
you
100%
a
98%
and
96%
the
82%
in
78%
my
72%
well
68%
your
68%
arms
64%
home
64%
into
64%
like
64%
now
64%
of
64%
days
62%
fell
62%
heavy
62%
so
62%
came
60%
i'll
60%
know
60%
stone
60%
these
60%
this
58%
with
56%
be
54%
new
54%
won't
54%
away
52%
but
52%
down
52%
heart
52%
which
52%
blow
50%
known
50%
we've
50%
dust
48%
forget
48%
head
48%
'cause
46%
kneel
46%
ground
44%
forgave
42%
relent
42%
alongside
40%
some
40%
as
38%
from
38%
sun
38%
what
38%
spirit
36%
use
36%
break
34%
free
34%
mind
34%
take
34%
way
34%
excess
32%
eyes
32%
seen
32%
shake
32%
step
32%
strong
32%
gold
30%
hands
30%
raise
30%
fix
28%
bold
26%
bow
26%
lies
26%
paint
26%
tethered
26%
less
24%
flesh
22%
keep
22%
slow
22%
him
18%
woo
4%
No matching quizzes found
Score Distribution
Percent of People with Each Score
Percentile by Number Answered
Your Score History
You have not taken this quiz since the last reset